| 000 | 01787cam a22004098i 4500 | ||
|---|---|---|---|
| 001 | 20916984 | ||
| 003 | NUST | ||
| 005 | 20221230174442.0 | ||
| 006 | m |o d | | ||
| 007 | cr_||||||||||| | ||
| 008 | 190404s2019 nyu ob 001 0 eng | ||
| 010 | _a 2019016384 | ||
| 020 | _a9780525561972 (ebook) | ||
| 020 | _z9780525561965 (hardcover) | ||
| 040 |
_aDLC _beng _erda _cDLC |
||
| 042 | _apcc | ||
| 043 | _an-us--- | ||
| 050 | 1 | 0 | _aHV6773.2 |
| 082 | 0 | 0 |
_a363.325,CLA _223 |
| 100 | 1 |
_aClarke, Richard A. _q(Richard Alan), _d1951- _eauthor. _9106531 |
|
| 245 | 1 | 4 |
_aThe fifth domain : _bdefending our country, our companies, and ourselves in the age of cyber threats / _cRichard A. Clarke and Robert K. Knake. |
| 263 | _a1907 | ||
| 264 | 1 |
_aNew York : _bPenguin Press, _c2019. |
|
| 300 | _a344 p.: | ||
| 336 |
_atext _2rdacontent |
||
| 337 |
_acomputer _2rdamedia |
||
| 338 |
_aonline resource _2rdacarrier |
||
| 505 | 0 | _aPart-1: The Twenty-Year War (Page-1), Part-2: The Corporate Front line (Page-31), Part-3: The Government's Supporting Role (Page-107), Part-4: Warrior, Diplomats, and Candidates (Page-179), Part-5: The (Near) Future in Cyberspace (Page-237), Part-6: Uou and the Way Ahead (Page-281). | |
| 650 | 0 |
_aCyberterrorism _zUnited States. _9106532 |
|
| 650 | 0 |
_aComputer security _zUnited States. _9106533 |
|
| 650 | 0 |
_aComputer networks _xSecurity measures _zUnited States. _995048 |
|
| 650 | 0 |
_aCorporations _xSecurity measures _zUnited States. _9106534 |
|
| 650 | 0 |
_aNational security _zUnited States. _97976 |
|
| 700 | 1 |
_aKnake, Robert K., _eauthor. _9106535 |
|
| 776 | 0 | 8 |
_iPrint version: _aClarke, Richard A. (Richard Alan), 1951- author. _tFifth domain _dNew York : Penguin Press, 2019 _z9780525561965 _w(DLC) 2019012065 |
| 942 |
_2ddc _cBK _k363.325,CLA |
||
| 999 |
_c592878 _d592878 |
||